Equivalencias entre figuras /

Algunas consideraciones sobre situaciones en las que se presenta la comparación o reproducción de superficies. Concepto "dinámico" de figuras equivalentes, es decir figuras con la misma superficie y diferente forma. La misma área ¿implica el mismo perímetro?. La fórmula de Pick, otra alter...

Descripción completa

Guardado en:
Autor Principal: Guzmán, Oski
Autor Corporativo: Canal Encuentro.
Formato: Deslizar
Publicado: Argentina, 2009
Series:Horizontes Matemática - Capítulo 7
Materias:
Acceso en línea:https://www.educ.ar/recursos/50793/equivalencias-entre-figuras
Etiquetas: Agregar Etiqueta
Sin Etiquetas, Sea el primero en etiquetar este registro!
LEADER 01074ngm a22002535g 4500
001 CEM.cems023563
008 130507s2009##################0###0#####d
005 20250605164044.0
245 1 0 |a Equivalencias entre figuras /  |c Oski Guzmán. 
260 |a Argentina,  |c 2009 
300 |a 28'. 
490 0 |a Horizontes Matemática - Capítulo 7 
520 |a Algunas consideraciones sobre situaciones en las que se presenta la comparación o reproducción de superficies. Concepto "dinámico" de figuras equivalentes, es decir figuras con la misma superficie y diferente forma. La misma área ¿implica el mismo perímetro?. La fórmula de Pick, otra alternativa para el cálculo de áreas. 
100 1 |a Guzmán, Oski 
710 2 |a Canal Encuentro. 
082 5 1 |/ GUZ 
653 |a MATEMATICA 
653 |a GEOMETRIA 
653 |a FIGURAS 
653 |a EQUIVALENCIAS 
653 |a SERIE DE TELEVISION 
653 |a DOCUMENTAL 
856 |u https://www.educ.ar/recursos/50793/equivalencias-entre-figuras 
859 |a CEMS  |b BIB. CEMS - Depto. Recursos Didacticos  |h 519  |i GUZ  |k DRD  |p 2206.15  |t Ej.1